Le politiche del lavoro nazionali nell'ambito della strategia "Europa 2020" e della "governance" economica europea (Registro nro. 43462)
[ vista simple ]
| 000 -CABECERA | |
|---|---|
| Longitud fija campo de control | 01051naa a2200289 c 4500 |
| 001 - NÚMERO DE CONTROL | |
| Número de control | 43462 |
| 003 - IDENTIFICADOR DE NÚMERO DE CONTROL | |
| Identificador del número de control | ES-MaCES |
| 005 - FECHA Y HORA DE LA ÚLTIMA TRANSACCIÓN | |
| Fecha y hora de la última transacción | 20150929135606.0 |
| 008 - CAMPO FIJO DE DESCRIPCIÓN FIJA--INFORMACIÓN GENERAL | |
| Códigos de información de longitud fija | 121120n2012 it t 000 | ita d |
| 035 ## - NÚMERO DE CONTROL DEL SISTEMA | |
| Número de control del sistema | CES20120010742v |
| 040 ## - FUENTE DE CATALOGACIÓN | |
| Centro catalogador de origen | ES-MaCES |
| Lengua de catalogación | spa |
| Centro transcriptor | ES-MaCES |
| 100 1# - ENCABEZAMIENTO PRINCIPAL--NOMBRE PERSONAL | |
| Nombre de persona | Borelli, Silvia |
| 9 (RLIN) | 8086 |
| 245 13 - MENCIÓN DE TÍTULO | |
| Título | Le politiche del lavoro nazionali nell'ambito della strategia "Europa 2020" e della "governance" economica europea |
| Mención de responsabilidad, etc. | di Silvia Borelli |
| 504 ## - NOTA DE BIBLIOGRAFÍA, ETC. | |
| Nota de bibliografía, etc. | Bibliografía: p. 476-478 |
| 650 #4 - ASIENTO SECUNDARIO DE MATERIA--TÉRMINO DE MATERIA | |
| Término de materia o nombre geográfico como elemento inicial | Italia |
| 9 (RLIN) | 26952 |
| 650 #4 - ASIENTO SECUNDARIO DE MATERIA--TÉRMINO DE MATERIA | |
| Término de materia o nombre geográfico como elemento inicial | derecho del trabajo |
| 9 (RLIN) | 27165 |
| 650 #4 - ASIENTO SECUNDARIO DE MATERIA--TÉRMINO DE MATERIA | |
| Término de materia o nombre geográfico como elemento inicial | estrategia de gestión |
| 9 (RLIN) | 30591 |
| 650 #4 - ASIENTO SECUNDARIO DE MATERIA--TÉRMINO DE MATERIA | |
| Término de materia o nombre geográfico como elemento inicial | política comunitaria |
| 9 (RLIN) | 30776 |
| 650 #4 - ASIENTO SECUNDARIO DE MATERIA--TÉRMINO DE MATERIA | |
| Término de materia o nombre geográfico como elemento inicial | política laboral |
| 9 (RLIN) | 28290 |
| 653 10 - TÉRMINO DE INDEXACIÓN--NO CONTROLADO | |
| Término no controlado | Relaciones laborales-Empleo |
| 650 #4 - ASIENTO SECUNDARIO DE MATERIA--TÉRMINO DE MATERIA | |
| 9 (RLIN) | 28300 |
| Término de materia o nombre geográfico como elemento inicial | política de empleo |
| 650 #4 - ASIENTO SECUNDARIO DE MATERIA--TÉRMINO DE MATERIA | |
| 9 (RLIN) | 26752 |
| Término de materia o nombre geográfico como elemento inicial | UE |
| 773 0# - ENTRADA DE DOCUMENTO FUENTE | |
| Título | Lavoro e diritto |
| Parte(s) relacionada(s) | anno 26, n. 3-4 (estate-autunno 2012){10261 R. 082362}; p. 465-478 |
| Número de control del registro relacionado | (ES-MaCES)25274 |
| Itemnumber del ítem fuente | 46856 |
| 902 ## - CES. TIPO DE DOCUMENTO | |
| Tipodoc (006$c Sirtex) | ART Artículo de revista |
| 942 ## - ELEMENTOS KOHA | |
| Fuente de clasificaión o esquema | Clasificación propia del CES |
| Koha [por defecto] tipo de item | Artículos (1982-2017) |
| Parte de clasificación | 2.0. |
No hay ítems disponibles.
